00482nam a22001697a 450000500170000001000150001702000260003203500140005803700090007208200130008110000180009424500540011225000060016626000410017227000790021330000200029220250716121807.0 aENG-145999 a9789388338226c350.00 aEN-129531 bDBAD 21a158.1 aSharma, Aruna aYou@ Game Changer Inclusive Growth/cAruna Sharma a1 aBhopalbIndra Publishing Housec2019 aE-5/21, Arera Colony,Habibganj Police Station bBhopale462016k7554059620 a142p.c21cm(Pb)